01735nam a2200469 i 4500001000700000003000800007005001700015006001900032007001500051008004100066020001800107020002700125035002300152035002400175035002500199035002200224040003100246050002000277080001100297082001500308100003600323245005600359250001900415264005300434300005800487336003100545337003300576338004300609490003600652504002900688588012400717590016400841650003701005650002401042650001801066650001701084655002701101797001901128830003701147856006201184999001901246137304FlNmELB20241217181116.0m o d | cr cnu||||||||180309s2014 mx a ob 000 0 spa d z9786074389807 a9786077448457 (e-book) a(MiAaPQ)EBC5213584 a(Au-PeEL)EBL5213584 a(CaPaEBR)ebr11493217 a(OCoLC)1105857342 aFINmELBbspaerdacFINmELB 4aQA11bO776 2014 a51(07)0 a510.712231 aOrtiz Campos, Francisco José.10aMatemáticas 1 /cFrancisco José Ortíz Campos. a3a. edición. 1aMéxico, D.F. :bGrupo Editorial Patria,c2014. a1 recurso en línea (249 páginas) :bilustraciones atextobtxt2rdacontent/spa acomputadorabc2rdamedia/spa arecurso en líneabcr2rdacarrier/spa1 aSerie integral por competencias aContiene bibliografía. aDescripción basada en recurso en línea; Título de la página del título en PDF (e-libro, visto March 9, 2018). aRecurso electrónico. Santa Fe, Arg.: e-libro, 2018. Disponible vía World Wide Web. El acceso puede estar limitado para las bibliotecas afiliadas a e-libro. 0aMathematicsxStudy and teaching. 0aGeometry, Analytic. 4aMatemática. 4aEnseñanza. 4aLibros electrónicos.2 ae-libro, Corp. 0aSerie integral por competencias.40uhttps://elibro.net/ereader/politecnicointernacional/85102 c137304d137304